Countries that Visit Sri Lanka the Most - Statistics

General Stats
  • This quiz has been taken 96 times
  • The average score is 7 of 10
Answer Stats
# Visitors Country % Correct
123,004 India
96%
85,187 United Kingdom
84%
35,482 France
83%
22,230 United States
83%
55,542 Germany
77%
30,924 Australia
70%
26,845 Canada
65%
91,272 Russia
62%
18,880 Maldives
51%
15,195 Poland
27%
No matching quizzes found
Score Distribution
Percent of People with Each Score
Percentile by Number Answered
Your Score History
You have not taken this quiz